| 000 | 00615nam a22002177a 4500 | ||
|---|---|---|---|
| 999 |
_c9227 _d9227 |
||
| 003 | AR-CdUCM | ||
| 008 | 190327b ||||| |||| 00| 0 spa d | ||
| 020 | _a978-85-99168-080 | ||
| 040 |
_aMUNICIPALIDAD PROVINCIAL DEL CUSCO _cBIBLIOTECA MUNICIPAL DEL CUSCO |
||
| 041 | _hpor | ||
| 082 |
_a868.9 / _bL64 |
||
| 100 |
_aLima, Carlos _925294 |
||
| 245 |
_aTodos os días : _bPoemas 1977 - 2015 / |
||
| 260 |
_aRio de janeiro: _bAltadena, _c2015. |
||
| 300 |
_a239 páginas ; _c23 cm. |
||
| 505 | _aPoemas | ||
| 650 |
_aLiteratura brasileña _92733 |
||
| 650 |
_aPoemas _9929 |
||
| 942 |
_2ddc _cLIBROS |
||
| 945 | _aacv | ||